000
00300nam a22001457a 4500
008
221114b ||||| |||| 00| 0 eng d
020
_a
0674340655
041
_a
eng
080
_a
521
082
_a
521 HOD
100
_a
19.1
101
_a
ASTR
245
_a
GALAXIES
_c
HODGE P
942
_2
udc
_c
BK
999
_c
58877
_d
58877